000
00241 a2200097 4500
001
20529
100
_a
Talmy V
245
_a
The Interaction of Science in the study of the earth
260
_a
_b
Progress Publishers
_c
090
_c
14925
_d
14925
942
_a
NUST-CAE
_c
M
_c
5475
999
_c
255602
_d
255602